| 000 | 00513nam a2200181 4500 | ||
|---|---|---|---|
| 005 | 20260309092448.0 | ||
| 008 | 260309b |||||||| |||| 00| 0 eng d | ||
| 020 | _a978-93-86752-85-7 | ||
| 040 |
_aNational Science Library _cNational Science Library |
||
| 080 |
_a821.214.21 TAG _bQ1 |
||
| 100 | _aPrasad, Gyanendra Kishore | ||
| 245 | _aलाल कनेर | ||
| 246 | _aLal Kaner | ||
| 260 |
_aBhopal: _bAisect Publications, _62021 |
||
| 300 | _a108p. | ||
| 650 | _aHindi literature | ||
| 942 |
_2udc _cHBK |
||
| 999 |
_c67873 _d67873 |
||